<?xml version="1.0" encoding="UTF-8"?><?xml-stylesheet type="text/xsl" href="static/style.xsl"?><OAI-PMH xmlns="http://www.openarchives.org/OAI/2.0/" xmlns:xsi="http://www.w3.org/2001/XMLSchema-instance" xsi:schemaLocation="http://www.openarchives.org/OAI/2.0/ http://www.openarchives.org/OAI/2.0/OAI-PMH.xsd"><responseDate>2026-04-27T12:31:54Z</responseDate><request verb="GetRecord" identifier="oai:uvadoc.uva.es:10324/20848" metadataPrefix="marc">https://uvadoc.uva.es/oai/request</request><GetRecord><record><header><identifier>oai:uvadoc.uva.es:10324/20848</identifier><datestamp>2025-02-13T10:09:43Z</datestamp><setSpec>com_10324_30605</setSpec><setSpec>com_10324_894</setSpec><setSpec>col_10324_41</setSpec></header><metadata><record xmlns="http://www.loc.gov/MARC21/slim" xmlns:doc="http://www.lyncode.com/xoai" xmlns:xsi="http://www.w3.org/2001/XMLSchema-instance" xmlns:dcterms="http://purl.org/dc/terms/" xsi:schemaLocation="http://www.loc.gov/MARC21/slim http://www.loc.gov/standards/marcxml/schema/MARC21slim.xsd">
<leader>00925njm 22002777a 4500</leader>
<datafield tag="042" ind1=" " ind2=" ">
<subfield code="a">dc</subfield>
</datafield>
<datafield tag="720" ind1=" " ind2=" ">
<subfield code="a">Gonçalves, Vanessa Santos Silva</subfield>
<subfield code="e">author</subfield>
</datafield>
<datafield tag="260" ind1=" " ind2=" ">
<subfield code="c">2016</subfield>
</datafield>
<datafield tag="520" ind1=" " ind2=" ">
<subfield code="a">La administración de fármacos al sistema nervioso central vía intranasal ha surgido en los últimos años como una alternativa eficaz a la vías sistémicas, ya que los compartimentos del cerebro y de la nariz están conectados entre sí a través del sistema olfativo y del nervio trigémino. Esta tesis se centra en la aplicación de la tecnología de fluidos supercríticos, concretamente el método PGSS ® (Particles from Gas Saturated Solutions), como una alternativa a los procesos de precipitación convencionales para la producción de dos sistemas híbridos biocompatibles de liberación, lípido-polímero  [Gelucire 43/01 ™: PEG 4000] y lípido estructurado [Gelucire 43/01 ™: GMO]. Además, aerogeles microparticulados de alginato híbridos (con pectina y α-carragenano) se produjeron por secado con CO2 supercrítico. Estos sistemas fueron diseñados para permitir la absorción mejorada de los fármacos (ketoprofeno) o péptidos de peso molecular bajo después de su administración en un modelo de células del epitelio nasal.</subfield>
</datafield>
<datafield tag="024" ind2=" " ind1="8">
<subfield code="a">http://uvadoc.uva.es/handle/10324/20848</subfield>
</datafield>
<datafield tag="024" ind2=" " ind1="8">
<subfield code="a">b1748826</subfield>
</datafield>
<datafield tag="024" ind2=" " ind1="8">
<subfield code="a">10.35376/10324/20848</subfield>
</datafield>
<datafield ind1=" " ind2=" " tag="653">
<subfield code="a">Fluidos supercríticos</subfield>
</datafield>
<datafield ind1=" " ind2=" " tag="653">
<subfield code="a">Nervioso central, Sistema</subfield>
</datafield>
<datafield ind1=" " ind2=" " tag="653">
<subfield code="a">Medicamentos-Administración por vía nasal</subfield>
</datafield>
<datafield tag="245" ind1="0" ind2="0">
<subfield code="a">Overcoming central nervous system-barriers by the development of hybrid structured systems for nose-to-brain drug delivery using clean technologies</subfield>
</datafield>
</record></metadata></record></GetRecord></OAI-PMH>